[Event "YUG-chT (Women)"]
[Site "Tivat"]
[Date "1995.??.??"]
[Round "9"]
[White "Trajcevic, Gordana"]
[Black "Strutinskaya, Galina N"]
[Result "0-1"]
[WhiteElo "2105"]
[BlackElo "2330"]
[PlyCount "68"]
[EventDate "1995.??.??"]
[EventType "team"]
[EventRounds "11"]
[EventCountry "YUG"]
[SourceTitle "EXT 1997"]
[Source "ChessBase"]
[SourceDate "1996.11.15"]
[SourceVersion "1"]
[SourceVersionDate "1996.11.15"]
[SourceQuality "1"]

1. Nf3 e6 2. c4 f5 3. d4 Nf6 4. g3 c6 5. Bg2 d5 6. cxd5 cxd5 7. 0-0 Bd6 8. Qb3 Nc6 9. Nc3 0-0 10. Bg5 h6 11. Bxf6 Qxf6 12. e3 g5 13. Rad1 Kh8 14. Qc2 Bd7 15. a3 Rac8 16. Qd3 Be8 17. b4 Bg6 18. Qd2 b6 19. Ne1 a5 20. b5 Ne7 21. a4 Bb4 22. Rc1 f4 23. Qb2 h5 24. exf4 Qxd4 25. Nf3 Bxc3 26. Nxd4 Bxb2 27. Rxc8 Rxc8 28. Nxe6 g4 29. h3 Rc4 30. Rd1 Rxa4 31. hxg4 hxg4 32. Bxd5 Nxd5 33. Rxd5 Ra1+ 34. Kg2 Be4+ 0-1